公立高等学校が存在する村 - Statistics

General Stats
  • This quiz has been taken 57 times
  • The average score is 14 of 24
Answer Stats
都道府県 高校名 Answer % Correct
北海道 (そんめい)美術工芸高等学校 音威子府村
83%
茨城県 (村名)高等学校 東海村
83%
東京都 (村名)高等学校 小笠原村
83%
東京都 (村名)高等学校 神津島村
72%
東京都 (村名)高等学校 三宅村
70%
奈良県 (村名)高等学校 十津川村
70%
東京都 (村名)高等学校 新島村
68%
岩手県 伊保内高等学校 九戸村
66%
長野県 上伊那高等学校 南箕輪村
66%
青森県 (村名)高等学校 六ヶ所村
64%
群馬県 (村名)高等学校 嬬恋村
64%
沖縄県 (村名)高等学校 読谷村
62%
沖縄県 (村名)高等学校 北中城村
62%
岩手県 (隣接市名)工業高等学校 野田村
57%
沖縄県 北山高等学校 今帰仁村
55%
北海道 (村名)高等学校 留寿都村
51%
沖縄県 (村名)高等学校 宜野座村
51%
長野県 (村名)高等学校 白馬村
49%
奈良県 (村名)村立奈良県立山辺高等学校(村名)分校 山添村
49%
北海道 (村名)高等学校 真狩村
47%
長野県 (村名)高等学校 阿智村
45%
沖縄県 辺土名高等学校 大宜味村
45%
北海道 (村名)農業高等学校 更別村
43%
長野県 下高井農林高等学校 木島平村
36%
No matching quizzes found
Score Distribution
Percent of People with Each Score
Percentile by Number Answered
Your Score History
You have not taken this quiz